[Event "Lienz Open"]
[Site "?"]
[Date "2001.02.17"]
[Round "9"]
[White "Schett, Franz"]
[Black "Grundner, Alois"]
[Result "0-1"]
[WhiteElo "1718"]
[BlackElo "1890"]
[Annotator "Grundner"]
[PlyCount "146"]
[EventDate "2001.??.??"]

1. e4 c5 2. Nf3 d6 3. Nc3 Nc6 4. h3 Nf6 5. d4 cxd4 6. Nxd4 g6 7. Be3 Bg7 8. Bb5
Bd7 9. O-O O-O 10. Bc4 Rc8 11. Bb3 Na5 12. Qd3 Nxb3 13. axb3 a6 14. Rfd1 Qc7
15. f4 Rfd8 16. Nd5 Nxd5 17. exd5 e5 18. dxe6 fxe6 19. c3 e5 20. Nf3 Be6 21.
Qc2 Qf7 22. c4 exf4 23. Bb6 Rd7 24. Qf2 Rf8 25. Rd2 h6 26. Re1 g5 27. Nd4 Bf5
28. Nxf5 Qxf5 29. Rd5 Qf7 30. Red1 Qe6 31. c5 Be5 32. b4 Rc8 33. cxd6 Rxd6 34.
Rxd6 Bxd6 35. Bc5 Bxc5 36. bxc5 Qc4 37. b4 Qxb4 38. Qa2+ Kf8 39. Rd7 Qxc5+ 40.
Kh2 Qc4 41. Qa3+ Rc5 42. Qb2 Qc3 43. Qb1 b5 {? Dg3 45.Te5 ...} (43... Qg3+ 44.
Kg1 Re5 45. Rd8+ Ke7 46. Rd1 Qe3+ 47. Kh2 Qe4 48. Qb2 f3 49. Rd4 Qc6 50. Qb1
Kf8 51. Qh7 Qf6 52. Rd8+ Qxd8 53. Qh8+ Ke7 54. Qxe5+ Kd7 55. Qd5+ Kc7 56. Qa5+
Kc8 57. Qf5+ Kc7 58. Qa5+ Kc8 59. Qf5+ Kb8 60. Qxf3 Ka8 61. g3) 44. Qd1 Qe5 45.
Rd8+ Kf7 46. Qd7+ Qe7 47. Qd3 Rc7 48. Qh7+ Kf6 49. Qxh6+ Kf7 50. Rh8 Qe5 51.
Rf8+ Ke7 52. h4 Rc3 53. Qh8 Qxh8 54. Rxh8 gxh4 55. Rxh4 Rc4 56. Rh7+ Kd8 57.
Kg1 a5 58. Rh5 Rb4 59. Kf2 Kc7 60. Kf3 Kc6 61. Rh6+ Kd5 62. Rh5+ Ke6 63. Rh6+
Kf5 64. Rh5+ Kg6 65. Rc5 a4 66. Rc6+ Kg5 67. Rc5+ Kh4 68. Rc8 a3 69. Rc3 a2 70.
Ra3 Ra4 71. Rb3 a1=Q 72. g3+ fxg3 73. Rb4+ Rxb4 0-1

[Event "LL A"]
[Site "?"]
[Date "2001.03.17"]
[Round "9"]
[White "Forstinger, Alfred"]
[Black "Grundner, Alois"]
[Result "1/2-1/2"]
[WhiteElo "1757"]
[BlackElo "1890"]
[Annotator "Fritz 5.00 (15s)"]
[PlyCount "33"]

1. f4 d5 {Opening = A03 - Bird Eröffnung /Bird's Opening} 2. Nf3 c5 3. e3 Nc6
4. b3 Nf6 5. Bb5 e6 6. Bb2 Be7 7. O-O O-O 8. Bxc6 bxc6 9. Ne5 Qc7 10. d3 {
Stärkt e4} Ne8 11. Qh5 f6 12. Ng4 Nd6 13. Nd2 Bd7 14. Nf3 $11 (14. e4 Be8 15.
Qh3 Nb5 $14) 14... a5 15. Rae1 $15 (15. Rfe1 Be8 16. Qh3 a4 $14) 15... Nf7 $11
(15... a4 $5 $15) 16. e4 (16. a4 Rab8 $11) 16... d4 {Schwarz engt den Gegner
ein} ({Schwächer scheint} 16... Qxf4 17. Nfe5 fxe5 18. Rxf4 exf4 19. Ne5 Nxe5
20. Bxe5 $16) 17. f5 1/2-1/2

[Event "Landescup 2001"]
[Site "?"]
[Date "2001.04.28"]
[Round "1"]
[White "Mooslechner, Peter"]
[Black "Grundner, Alois"]
[Result "1/2-1/2"]
[WhiteElo "1973"]
[BlackElo "1895"]
[PlyCount "46"]
[EventDate "2001.??.??"]

1. e4 c5 2. d4 cxd4 3. c3 dxc3 4. Nxc3 g6 5. Bc4 Bg7 6. Qb3 e6 7. Nf3 Ne7 8.
O-O O-O 9. Bf4 Nbc6 10. Bd6 Na5 11. Qa4 Nxc4 12. Qxc4 b6 13. Rfd1 Bb7 14. Rac1
Re8 15. Qb3 Bc6 (15... Rc8 16. Be5 d5 17. Bxg7 Kxg7 18. Qa4 Bc6 19. Qd4+ f6 20.
Qe3 Qd6 21. e5 fxe5 22. Nxe5 Nf5 23. Qe1 a6 24. g4) 16. Nd4 a6 17. Bxe7 Qxe7
18. Nxc6 dxc6 19. Qxb6 Rab8 20. Qxa6 Rxb2 21. Qxc6 Bxc3 22. Rxc3 Rxa2 23. g3
Rd8 1/2-1/2

[Event "Schwarzach Open"]
[Site "Schwarzach"]
[Date "2001.08.25"]
[Round "1"]
[White "Eder, Martin"]
[Black "Grundner, Alois"]
[Result "0-1"]
[WhiteElo "1680"]
[BlackElo "1885"]
[Annotator "Fritz 5.00 (8s)"]
[PlyCount "54"]
[EventDate "2001.08.??"]

1. d4 Nf6 {Opening = D45 - Damengambit-Anti-Meraner Varian /Queen's
Gambit-Anti Meran} 2. c4 e6 3. Nc3 d5 4. e3 c6 {Deckt b5} 5. Nf3 Bd6 6. cxd5 (
6. Bd3 O-O $11) 6... exd5 7. Be2 Nbd7 8. O-O Ne4 9. Qc2 Ndf6 10. h3 {Befestigt
g4} O-O 11. Bd3 Re8 12. Rb1 Qe7 13. Bd2 Bd7 14. a3 {Kontrolliert b4} a5 15. Na4
Bc7 16. Nc5 Nxc5 17. dxc5 Ne4 18. b4 axb4 19. axb4 (19. Bxb4 Bf5 $11) 19... Qf6
20. Bxe4 dxe4 21. Bc3 $19 (21. Nd4 $142 $5 $15 {bedarf näherer Analyse}) 21...
Qg6 22. Nh4 (22. Nd4 Bxh3 $1 {nicht am Material kleben ist die Devise} 23. f4
Ra3 $19) 22... Qg5 23. g3 Bxh3 24. Rfd1 Bxg3 {Droht Matt: Lxh4} 25. fxg3 Qxg3+
26. Ng2 Bxg2 27. Qxg2 $2 (27. Be1 Qxe3+ 28. Kxg2 $19) 27... Qxe3+ (27... Qxe3+
28. Qf2 Qxc3 $19) 0-1

[Event "Schwarzach Open"]
[Site "?"]
[Date "2001.08.26"]
[Round "2"]
[White "Kössler, Andreas"]
[Black "Grundner, Alois"]
[Result "1/2-1/2"]
[WhiteElo "1587"]
[BlackElo "1885"]
[Annotator "Fritz 5.00 (8s)"]
[PlyCount "47"]
[EventDate "2001.??.??"]

1. d4 d5 {Opening = D18 - Damengambit-Slawisch Hauptvar /Queen's Gambit-Slav
main line} 2. c4 c6 3. Nc3 Nf6 4. Nf3 dxc4 5. a4 (5. e4 b5 6. Be2 Bg4 7. O-O e6
8. Be3 b4) 5... Bf5 6. e3 e6 7. Bxc4 Bb4 8. O-O Nbd7 9. Qe2 Bg6 10. Bd2 a5 11.
Rac1 Qb6 12. Rfd1 O-O 13. Be1 Rad8 14. Ba2 Qc7 15. Bb1 Nb6 16. Bxg6 hxg6 17. b3
Nbd5 18. e4 Nf4 19. Qe3 Ng4 20. Qd2 Nf6 (20... c5 21. e5 g5 22. Nxg5 Rxd4 23.
Qc2 g6 24. g3 Qxe5 25. Nf3 Ne3 26. gxf4 Nxc2 27. fxe5 Rxd1 28. Rxc2 Rd3 29. Kg2
b6 30. Ng5 Rfd8 31. Nge4 R8d4 32. f3) 21. Qc2 Qb6 22. Bd2 Bxc3 23. Bxf4 $11 (
23. Bxc3 $142 $5 Qa6 24. Rd2 c5 25. g3 cxd4 26. Bxd4 e5 27. gxf4 exd4 28. Nxd4
Rfe8 29. e5 Nh5 30. Ne2 Qe6) 23... Bxd4 {Schwarz bot Remis, was Weiß wegen
mangelnder Bedenkzeit annahm} 24. Rxd4 1/2-1/2

[Event "Schwarzach Open"]
[Site "?"]
[Date "2001.08.27"]
[Round "3"]
[White "Reschreiter, Hans"]
[Black "Grundner, Alois"]
[Result "1/2-1/2"]
[WhiteElo "1815"]
[BlackElo "1885"]
[Annotator "Fritz 5.00 (8s)"]
[PlyCount "62"]
[EventDate "2000.??.??"]

1. d4 Nf6 {Opening = E01 - Katalanisch /Catalan} 2. c4 e6 3. g3 d5 4. Bg2 c6 5.
Nf3 (5. Qb3 dxc4 6. Qxc4 Nbd7 $11) 5... Nbd7 6. O-O Ne4 7. Qc2 Ndf6 8. Ne5 Be7
9. Rd1 Nd6 10. b3 O-O 11. Nd2 Bd7 12. a4 b6 13. Nf1 Rc8 14. c5 {Raumvorteil}
bxc5 15. dxc5 Nb7 16. Ba3 Ne8 17. Rab1 f6 18. Nd3 e5 19. e4 Be6 20. f4 Qc7 21.
f5 {Raumgewinn} Bf7 22. g4 d4 {Schwarz engt den Gegner ein} 23. Nd2 Qd7 24. Nf3
Rb8 25. Nd2 Nc7 26. Bf1 g6 27. Be2 gxf5 28. gxf5 ({Jedoch nicht} 28. exf5 Nd5
$17) 28... Kh8 29. Kh1 Rg8 30. Rg1 Rxg1+ 31. Rxg1 Rg8 1/2-1/2

[Event "Schwarzach Open"]
[Site "?"]
[Date "2001.08.28"]
[Round "4"]
[White "Grundner, Alois"]
[Black "Schmid, Hans"]
[Result "1/2-1/2"]
[WhiteElo "1885"]
[BlackElo "1801"]
[Annotator "Fritz 5.00 (8s)"]
[PlyCount "142"]
[EventDate "2000.??.??"]

1. d4 Nf6 {Opening = E24 - Nimzoindisch-Sämisch Variante /Nimzo
Indian-Saemisch Variation} 2. c4 e6 3. Nc3 Bb4 4. a3 Bxc3+ 5. bxc3 b6 6. f3 {
Befestigt e4+g4} Bb7 7. Bg5 d5 8. e3 h6 9. Bh4 Nbd7 10. cxd5 exd5 ({Nicht} 
10... Bxd5 11. e4 Bb7 12. e5 $14) 11. Bd3 Qe7 12. Qd2 Rc8 13. Ne2 O-O 14. O-O
c5 15. Rfe1 Rfe8 16. Ng3 Qf8 17. Bxf6 Nxf6 ({Schwächer scheint} 17... gxf6 18.
Nf5 $16) 18. e4 cxd4 19. cxd4 Rc7 $14 (19... dxe4 20. fxe4 Rcd8 21. Qb2 $11)
20. e5 {Weiß engt den Gegner ein} Nh7 21. Nf5 Ng5 22. Nd6 {Von d6 entfaltet
der Springer einige Wirkung} Rb8 $16 (22... Ra8 23. Rec1 Rxc1+ 24. Rxc1 $14)
23. Rec1 Rxc1+ 24. Rxc1 Bc8 $18 (24... Qe7 $5 $14 {muß beachtet werden}) 25.
Rc7 Qd8 $18 (25... Be6 26. Qe3 $16) 26. Qc2 (26. Rxc8 $6 Rxc8 27. Nxc8 Qxc8 $11
) (26. Rxa7 $6 Bd7 $18) 26... Bd7 27. Rc3 $14 (27. Rxa7 $142 {und aller
Vorteil läge nun bei Weiß} Be8 28. Bf5 $18) 27... Ne6 28. Qf2 Qg5 $14 (28... b5
29. Qe3 $11) 29. Ba6 $11 (29. h4 Qd8 $14) 29... Nf4 $16 (29... Qf4 $5 {muß
erwogen werden} 30. Bb7 Qxd4 31. Qxd4 Nxd4 $11) 30. Qg3 $11 (30. Kh1 $142 $5
$16) 30... Ne2+ $2 $18 (30... Qxg3 $142 {damit wäre Schwarz im Spiel geblieben}
31. hxg3 Ne6 $14) 31. Bxe2 Qd2 32. Rc7 Qxe2 33. h3 (33. Rxd7 Qd1+ 34. Kf2 Qd2+
35. Kf1 Qd3+ 36. Ke1 Qb1+ 37. Kf2 Qc2+ 38. Ke3 Qc1+ 39. Kd3 Qd1+ 40. Kc3 Qc1+
41. Kb3 Qb1+ 42. Kc3 Qc1+ 43. Kb3 Qb1+ 44. Kc3 Qc1+ $11) 33... Be6 34. Qf4 g5
$18 (34... Qd3 $5 35. Rxa7 g5 $16) 35. Qf6 Qd1+ 36. Kh2 {Mit der Mattdrohung
Sxf7} Qxd4 37. Nxf7 {Droht Matt: Sxh6} (37. Rxa7 $6 Rf8 $16) 37... Qf4+ 38.
Qxf4 gxf4 39. Nxh6+ Kf8 40. Rh7 $14 (40. Rxa7 d4 41. Rh7 Rc8 $16) 40... Rd8 41.
Kg1 (41. g4 d4 42. Rh8+ Ke7 43. Rxd8 Kxd8 $16) 41... Rc8 (41... d4 42. Rh8+ (
42. Rxa7 $4 {der kann natürlich nicht genommen werden} d3 43. Ng4 Bxg4 $19)
42... Ke7 43. Rxd8 Kxd8 44. Kf2 $14) 42. Rxa7 d4 43. Ng4 $17 (43. Ra4 $142 {
und Weiß spielt mit} Rd8 44. Ng4 $14) 43... d3 {[%cal Rc8c1] Schwarz droht Tc1}
44. Ra4 Bc4 $11 (44... Rc1+ $142 $5 45. Kf2 Bc4 46. Rxc4 Rxc4 $15) 45. Nf2 d2
46. Nd1 $15 (46. Rb4 b5 $11) 46... Ke7 47. Kf2 $17 (47. Nf2 b5 48. Rb4 Ke6 $15)
47... Bb3 48. Rd4 Bxd1 49. Rxd2 Ba4 50. Rd4 Rc2+ 51. Kg1 b5 $11 (51... Bc6 52.
Rxf4 Ke6 53. Rb4 $11) 52. Rxf4 Rc3 53. Rd4 Rxa3 54. Kf2 Bb3 55. Rd6 $15 (55. f4
Be6 $11) 55... Bc4 (55... Ra2+ 56. Kg3 $15) 56. h4 (56. g4 b4 $11) 56... Ra2+
57. Kg3 Bf1 58. Rb6 Rxg2+ 59. Kf4 Be2 (59... Rh2 60. Rb7+ Ke6 61. Rb6+ Kf7 62.
Kg4 $17) 60. h5 Rh2 61. h6 Kd7 $14 (61... Bc4 $142 $5 $15 {muß geprüft werden})
62. Rd6+ Kc7 $16 (62... Ke7 $5 63. Rd2 b4 $14) 63. Rd2 b4 64. Kg3 Rxh6 65. Rxe2
Kd7 66. Kg4 $14 (66. f4 $5 $16) 66... Ke6 $16 (66... Rb6 $5 $14 {ist zu erwägen
}) 67. Kg5 $11 (67. f4 $142 $5 $16) 67... Rh1 $16 (67... Rh8 $142 $5 $11 {
sieht spielbar aus}) 68. Kf4 $11 (68. Rb2 $5 Rg1+ 69. Kf4 $16) 68... Rh5 $16 (
68... Rc1 $5 $11 {ist interessant}) 69. Rb2 Rf5+ 70. Kg4 Rxe5 71. Rxb4 Re1
1/2-1/2

[Event "Schwarzach Open"]
[Site "?"]
[Date "2001.08.29"]
[Round "5"]
[White "Elasad, Muhamad"]
[Black "Grundner, Alois"]
[Result "1/2-1/2"]
[WhiteElo "1741"]
[BlackElo "1885"]
[Annotator "Grundner,A"]
[PlyCount "65"]
[EventDate "2000.??.??"]

1. e4 d5 2. exd5 Nf6 3. d4 Nxd5 4. Nc3 c6 5. Nf3 Bg4 6. h3 Bh5 7. Bd3 Nd7 8. g4
Bg6 9. Bxg6 hxg6 10. Bd2 e6 11. Qe2 N7f6 12. O-O-O Bd6 13. Ne5 Qc7 14. f4 Nxc3
15. Bxc3 Nd5 16. Bd2 O-O-O 17. Kb1 Rhe8 18. c4 Nf6 19. Rhf1 Qe7 20. Ba5 Bc7 21.
Qd2 Kb8 22. Bxc7+ Qxc7 23. Qe3 Re7 24. Rd3 Nd7 25. Nxd7+ Rexd7 26. Rfd1 Qa5 27.
Qe5+ Qc7 28. Qxc7+ Kxc7 29. Kc2 Kd6 30. a4 a5 31. Kc3 Ke7 32. Re1 b6 33. f5
1/2-1/2

[Event "Schwarzach Open"]
[Site "?"]
[Date "2001.09.01"]
[Round "8"]
[White "Grundner, Alois"]
[Black "Klocker, Daniel"]
[Result "1-0"]
[WhiteElo "1746"]
[BlackElo "1885"]
[PlyCount "119"]
[EventDate "2001.??.??"]

1. d4 d5 2. c4 c6 3. Nf3 Nf6 4. Nc3 e6 5. Bg5 Nbd7 6. e3 Bd6 7. Bd3 O-O 8. O-O
Re8 9. Rc1 dxc4 10. Bxc4 e5 11. Ne4 Be7 12. Nxf6+ Bxf6 13. Qb3 Rf8 14. Bxf6
Qxf6 15. dxe5 Nxe5 16. Nxe5 Qxe5 17. Rfd1 Qe7 18. Rd2 Bf5 19. Rcd1 Rae8 20. Qc3
Rd8 21. Qa5 Rxd2 22. Rxd2 Bc8 23. Qxa7 Rd8 24. Rxd8+ Qxd8 25. Qd4 Qc7 26. h3 h6
27. b4 Bd7 28. Qf4 Qxf4 29. exf4 Kf8 30. f3 Ke7 31. Kf2 f5 32. g4 Kf6 33. Kg3
Be6 34. g5+ Kf7 35. Bb3 Bxb3 36. axb3 Ke6 37. Kh4 Kd5 38. Kh5 Kd4 39. gxh6 gxh6
40. Kg6 Kc3 41. Kxf5 Kxb4 42. Kg6 Kxb3 43. f5 b5 44. f6 c5 45. f7 c4 46. f8=Q
b4 47. Qf7 Kc3 48. Qf6+ Kc2 49. Qd4 Kb3 50. Qd1+ Kb2 51. Qd2+ Kb3 52. f4 c3 53.
Qc1 c2 54. Qa1 Kc4 55. Qb2 b3 56. f5 Kd3 57. Qxb3+ Kd2 58. Qb2 Kd1 59. f6 c1=Q
60. Qxc1+ 1-0

[Event "1.Kl.Süd"]
[Site "?"]
[Date "2001.10.06"]
[Round "1"]
[White "Grundner, Alois"]
[Black "Sigl, Martina"]
[Result "1-0"]
[WhiteElo "1650"]
[BlackElo "1885"]
[PlyCount "88"]
[EventDate "2001.??.??"]

1. d4 Nf6 2. c4 e6 3. Nc3 Bb4 4. a3 Bxc3+ 5. bxc3 d5 6. Nf3 Nbd7 7. e3 c5 8.
Bd3 O-O 9. Qc2 Nb6 10. Ne5 dxc4 11. Nxc4 Nxc4 12. Bxc4 Bd7 13. Rb1 Qc7 14. Qa2
cxd4 15. cxd4 Rac8 16. Be2 Ne4 17. Bd2 Nxd2 18. Qxd2 Qc3 19. Qxc3 Rxc3 20. Rxb7
Rc1+ 21. Bd1 Ba4 22. Kd2 Rfc8 23. Rxa7 Bxd1 24. Rxd1 R1c2+ 25. Ke1 h6 26. Rd2
Rc1+ 27. Ke2 g5 28. h3 Kf8 29. Rb2 f5 30. a4 h5 31. a5 g4 32. hxg4 hxg4 33. g3
Ra1 34. a6 Ke8 35. Rbb7 Ra2+ 36. Kf1 Kf8 37. Rh7 Kg8 38. Rag7+ Kf8 39. a7 (39.
Ra7 Kg8 40. Rhe7 Rac2 41. Rxe6 R2c7 42. Re7 Rxa7 43. Rxa7 Rc6 44. d5 (44. Ra8+
Kg7 45. a7 Ra6 46. d5 Ra1+ 47. Ke2 Ra2+ 48. Kd3 Ra4 49. d6 Ra6 50. Kc4 Rxd6 51.
Rc8 Ra6 52. a8=Q) 44... Rd6 45. Ke2 Rxd5 46. Rb7 Ra5 47. a7 Ra3 48. Rb8+ Kf7
49. a8=Q Rxa8 50. Rxa8) 39... Rc1+ 40. Kg2 Raa1 41. a8=Q+ Rxa8 42. Rb7 Kg8 43.
Rhg7+ Kh8 44. Rge7 Rc6 1-0

[Event "1.Kl.Süd"]
[Site "?"]
[Date "2001.10.20"]
[Round "2"]
[White "Grundner, Alois"]
[Black "Kriesmayr, Klaus sen."]
[Result "1-0"]
[WhiteElo "1741"]
[BlackElo "1885"]
[Annotator "Fritz 5.00 (8s)"]
[PlyCount "71"]

1. e4 d5 $14 {Opening = B01 - Skandinavische Verteidigung /Center Counter} (
1... e5 2. Nf3 $11) 2. exd5 Nf6 3. d4 Qxd5 4. Nc3 Qa5 5. Bd2 c6 {Deckt b5} 6.
Bc4 Bg4 7. f3 {Sichert e4} Bh5 8. Ne4 Qb6 9. Nxf6+ exf6 $14 {Befestigt g5.} (
9... gxf6 10. Bc3 $11) 10. Ne2 $11 (10. Qe2+ $5 {ist vielleicht stärker} Kd8
11. O-O-O $14) 10... Bd6 $14 (10... Nd7 11. Bc3 $11) 11. Bc3 O-O 12. Qd2 Qc7
13. O-O-O b5 (13... Nd7 14. g4 Bg6 15. h4 $14) 14. Ba5 Qb7 15. Bd3 $14 (15. Bb3
b4 16. Bc4 Nd7 $16) 15... Nd7 16. Ng3 Bg6 17. Ne4 Bxe4 18. fxe4 $11 (18. Bxe4
$5 Nb6 19. Qd3 $11) 18... Bc7 $14 (18... c5 19. d5 $11) 19. Bxc7 Qxc7 20. g4
Rab8 $16 (20... Qd6 21. Qf2 $14) 21. g5 c5 22. gxf6 c4 $18 (22... Nxf6 $142 $5
23. Rhg1 $1 {nun hat Weiß die besseren Möglichkeiten} Ne8 $14 (23... cxd4 $4 {
vergiftet...} 24. Rxg7+ Kh8 25. Qg5 $18)) 23. fxg7 Rfc8 24. Bf1 c3 (24... b4
25. Qg5 $18) 25. bxc3 (25. Qxc3 $5 Qxc3 26. bxc3 Kxg7 27. Rg1+ Kf8 $18) 25...
Qa5 26. Kb2 b4 $18 (26... Nb6 27. Rb1 Na4+ 28. Ka1 Nxc3 $19) 27. c4 {Der
Freibauer c4 greift sofort ein} Nb6 28. c5 Na4+ 29. Ka1 Nc3 {Mit der
Mattdrohung Dxa2} 30. Bc4 Nxd1 31. Rxd1 (31. Bxf7+ $142 {damit würde Weiß es
sich noch erleichtern} Kxf7 32. g8=Q+ Rxg8 (32... Kxg8 $4 33. Qg5+ Kf7 34. Rf1+
Nf2 35. Rxf2+ Ke6 36. Qd5+ Ke7 37. Rf7+ Ke8 38. Qd7#) 33. Qf4+ Ke8 34. Qe5+ Kd7
35. c6+ Kxc6 36. Qxa5 Ne3 37. Qc5+ Kb7 $18) 31... Qc7 (31... Rc7 $18) 32. Rf1
Rd8 (32... Rb7 {nützt auch nichts mehr} 33. Bd5 Rd8 34. Qf2 $18) 33. Rxf7 (33.
Bxf7+ {erleichterte Weiß die Gewinnführung} Qxf7 34. Rxf7 Kxf7 $18) 33... Qxf7
34. Bxf7+ Kxf7 35. d5 Kxg7 (35... Rg8 {ändert nichts am Ausgang der Partie} 36.
c6 Kxg7 37. d6 $18) 36. c6 (36. c6 Rbc8 37. Qg5+ Kf7 38. e5 Rxd5 39. Qf6+ Kg8
40. Qe6+ Kg7 41. Qxc8 Rd1+ 42. Kb2 $18) 1-0

[Event "1.Kl.Süd"]
[Site "?"]
[Date "2001.11.03"]
[Round "?"]
[White "Grundner, Alois"]
[Black "Dalfen, Joachim"]
[Result "1/2-1/2"]
[WhiteElo "1885"]
[BlackElo "1750"]
[Annotator "Fritz 5.00 (8s)"]
[PlyCount "67"]

1. d4 Nf6 {Opening = E77 - Königsindisch-Vierbauern Variante /King's
Indian-Four Pawn's V} 2. c4 g6 3. Nc3 Bg7 4. e4 d6 5. Be2 O-O 6. f4 c6 {
Kontrolliert b5+d5} 7. Nf3 Nbd7 $14 (7... d5 8. e5 Ne4 9. O-O $11) 8. O-O Re8
$16 (8... e5 9. fxe5 dxe5 10. d5 $14) 9. Kh1 $14 (9. e5 Ng4 $16) 9... e5 10.
fxe5 {Raumgewinn} dxe5 11. d5 {Weiß engt den Gegner ein} Nc5 12. Bg5 Bg4 $16 (
12... h6 13. Bxf6 Qxf6 14. Qe1 $14) 13. b4 Ncd7 14. Qd2 Qc8 (14... cxd5 15.
cxd5 Rc8 16. Rad1 $14) 15. Rac1 Nh5 16. Bd3 Rf8 17. c5 $14 (17. Rcd1 f5 $16)
17... Qe8 $16 (17... a5 18. a3 $14) 18. d6 (18. Rcd1 f6 19. Bh6 Bxh6 20. Qxh6
a5 $16) 18... Nhf6 19. Nd1 Kh8 (19... Qd8 20. a3 $16) 20. Ne3 Be6 21. Nxe5 Nxe5
22. Bxf6 (22. Rxf6 $6 h6 23. Rxe6 fxe6 $15) 22... Bxf6 23. Rxf6 Nd7 24. Rf4 f6
25. Rcf1 g5 $18 (25... b6 26. Qc3 $16) 26. R4f2 h5 27. Nf5 Qg6 28. Ne7 Qg7 29.
Qc3 Ne5 30. a4 g4 31. Nf5 Qg5 32. Qd2 $16 (32. Rd1 $142 $5 $18) 32... Qxd2 33.
Rxd2 Nxd3 34. Rxd3 1/2-1/2

[Event "1.Kl.Süd"]
[Site "?"]
[Date "2001.12.01"]
[Round "5"]
[White "Grundner, Alois"]
[Black "Schachner, Franz"]
[Result "1-0"]
[WhiteElo "1885"]
[BlackElo "1795"]
[Annotator "Grundner,A"]
[PlyCount "73"]
[EventDate "2001.??.??"]

{16384kB, newbook.ctg} 1. d4 f5 2. g3 Nf6 3. Bg2 e6 4. Nf3 Be7 5. O-O O-O 6. c4
c6 7. Nc3 d5 8. b3 Na6 9. Ne5 Nc7 10. f3 Nce8 11. e4 Nd6 12. exd5 exd5 13. Re1
Nf7 14. a3 Qc7 15. Bf4 Nxe5 16. dxe5 Nh5 17. cxd5 Bc5+ 18. Kh1 Nxf4 19. gxf4 g6
20. d6 Qg7 21. Na4 Bf2 22. Re2 Bh4 23. Rc1 Be6 24. Nc5 Bd5 25. e6 Rfe8 26. d7
Re7 27. Nxb7 Qf8 28. d8=Q Rxd8 29. Nxd8 Qxd8 30. Rxc6 Re8 31. Rc5 Bxe6 32. Qxd8
Bxd8 33. Bf1 (33. Rc8 Kf7 34. Ra8 a5 35. b4 axb4 36. axb4) 33... Bb6 34. Rce5
Kf7 35. Re1 Bc7 {ein Riesenbock} (35... Bf2 36. Bc4 (36. Bb5 Rb8 37. Rxe6 Rxb5
38. Re7+ Kf8 39. Re8+ Kg7 40. R1e7+ Kf6 41. b4 {und Weiß steht klar auf Sieg})
36... Bxe1 37. Rxe1 Bxc4 38. Rxe8 Kxe8 39. bxc4 {und Schwarz ist plötzlich auf
der Siegerstraße}) 36. Rxe6 Rxe6 37. Bc4 1-0

[Event "Schwarzach Open"]
[Site "?"]
[Date "2001.08.31"]
[Round "6"]
[White "Mösl, Felix"]
[Black "Grundner, Alois"]
[Result "1-0"]
[WhiteElo "1694"]
[BlackElo "1885"]
[PlyCount "69"]
[EventDate "2001.??.??"]

1. Nf3 d5 2. d4 Nf6 3. Bf4 Nbd7 4. e3 e6 5. Bd3 Be7 6. Nbd2 O-O 7. c3 c5 8. Qe2
c4 9. Bc2 b5 10. a3 Bb7 11. Ne5 a5 12. O-O Ne4 $2 13. Nxe4 dxe4 14. Nxd7 Qxd7
15. Qg4 f5 16. Qg3 Bd5 $2 17. Be5 Bf6 18. Rfb1 Bxe5 19. Qxe5 Rfc8 20. Bd1 Qe7
21. f3 b4 22. a4 Qg5 23. f4 Qe7 24. g4 Rf8 25. g5 Qd7 26. h4 Rfb8 27. h5 Rb7
28. Rc1 bxc3 29. Rxc3 Rxb2 30. Rac1 Rab8 31. h6 Qf7 32. Be2 gxh6 {Tb1 wäre
besser gewesen} 33. Bxc4 Bxc4 34. Rxc4 Rb1 {mit Te8 wäre die Partie noch zu
halten gewesen} 35. Kf2 {Bei Schwarz fiel die Klappe} 1-0

[Event "Schwarzach Open"]
[Site "?"]
[Date "1998.08.23"]
[Round "2"]
[White "Grundner, Alois"]
[Black "Buchner, Martin"]
[Result "0-1"]
[WhiteElo "1900"]
[BlackElo "2115"]
[PlyCount "27"]
[EventDate "1998.??.??"]

1. d4 Nf6 2. Nf3 d5 3. c4 dxc4 4. e3 Be6 5. Ne5 Nbd7 6. Bxc4 Bxc4 7. Nxc4 e6 8.
Nc3 c5 9. d5 exd5 10. Nxd5 b5 11. Nxf6+ Qxf6 12. Na5 Qb6 13. Qd5 Qxa5+ 14. Bd2
0-1

[Event "Schwarzach Open"]
[Site "?"]
[Date "1998.08.28"]
[Round "7"]
[White "Hiermann, Peter"]
[Black "Grundner, Alois"]
[Result "1/2-1/2"]
[WhiteElo "1820"]
[BlackElo "1900"]
[PlyCount "52"]
[EventDate "1998.??.??"]

1. d4 Nf6 2. Nf3 e6 3. Bg5 Be7 4. Nbd2 d5 5. e3 O-O 6. Bd3 Nbd7 7. O-O b6 8. c3
Bb7 9. Ne5 {Weiß bot Remis} Rc8 10. f4 c5 11. a4 Ne4 12. Bxe7 Qxe7 13. Nxd7
Qxd7 14. Qe2 c4 15. Bc2 f5 16. Nf3 Rf6 17. Ne5 Qe7 18. Bxe4 dxe4 19. g4 fxg4
20. Qxg4 Rcf8 21. Rf2 Kh8 22. Rg2 Rf5 23. h4 R8f6 24. Kf2 Rh6 25. Rag1 g6 26.
Ke2 Qxh4 1/2-1/2

[Event "Schwarzach Open"]
[Site "?"]
[Date "1998.08.27"]
[Round "6"]
[White "Grundner, Alois"]
[Black "Koban, Viktor"]
[Result "0-1"]
[WhiteElo "1900"]
[BlackElo "1912"]
[PlyCount "56"]
[EventDate "1998.??.??"]

1. d4 Nf6 2. c4 g6 3. Nc3 d5 4. Nf3 Bg7 5. Bg5 c6 6. e3 O-O 7. Bd3 Qa5 8. Qc2
Be6 9. Bxf6 Bxf6 10. Nd2 Nd7 11. a3 Rac8 12. b4 Qd8 13. c5 Bg7 14. a4 f5 15.
Nf3 Bf7 16. Ng5 e5 17. Nxf7 Rxf7 18. dxe5 Nxe5 19. Rd1 Qh4 20. Rb1 Re8 21. O-O
f4 22. exf4 Rxf4 23. b5 Ng4 24. h3 Nxf2 25. Bxg6 hxg6 26. Rxf2 Rxf2 27. Qxg6
Re5 28. bxc6 Rg5 0-1

[Event "Schwarzach Open"]
[Site "?"]
[Date "1998.08.29"]
[Round "8"]
[White "Michor jun., Franz"]
[Black "Grundner, Alois"]
[Result "1-0"]
[WhiteElo "1804"]
[BlackElo "1900"]
[PlyCount "79"]
[EventDate "1998.??.??"]

1. d4 Nf6 2. c4 g6 3. Nc3 d5 4. Nf3 Bg7 5. e3 O-O 6. cxd5 Nxd5 7. Bc4 Nxc3 8.
bxc3 c5 9. O-O Nc6 10. Bb2 cxd4 11. cxd4 Na5 12. Be2 b6 13. Qd2 Bb7 14. Rac1
Bd5 15. Ba3 Nc6 16. Rc3 a5 17. Rfc1 Nb4 18. Bxb4 axb4 {Schwarz bot Remis} 19.
R3c2 Qd6 20. Rb2 Ra3 21. Bc4 Bxf3 22. gxf3 e5 23. Rxb4 exd4 24. Rcb1 Qd8 25.
exd4 Rxf3 26. d5 Bc3 27. Qe2 Qg5+ 28. Kh1 {Nun bot Weiß remis} Qf4 29. Bd3 Bxb4
30. Rxb4 Qxb4 31. Qxf3 Qc5 32. Kg2 Rd8 33. h3 Qxd5 34. Be4 Qe5 35. Bc2 Rd6 36.
Bb3 Rf6 37. Qd3 Rf5 38. Qd7 Rg5+ 39. Kf1 Qb5+ 40. Ke1 {und Weiß gab auf.} 1-0

[Event "Schwarzach Open"]
[Site "?"]
[Date "1998.08.26"]
[Round "5"]
[White "Krasser, Margit"]
[Black "Grundner, Alois"]
[Result "1/2-1/2"]
[WhiteElo "2033"]
[BlackElo "1900"]
[PlyCount "136"]
[EventDate "1998.??.??"]

1. d4 Nf6 2. Nf3 e6 3. Nbd2 d5 4. e3 Bd6 5. Bd3 O-O 6. Qe2 Nc6 7. c3 e5 8. dxe5
Nxe5 9. Nxe5 Bxe5 10. h3 c5 11. O-O b6 12. e4 Re8 13. f4 dxe4 14. Bb5 Bc7 15.
Bxe8 Qxe8 16. Nc4 Ba6 17. Re1 Qe6 18. b3 Re8 19. Bd2 Nd5 20. Qf2 f5 21. g3 Bd8
22. Ne3 Nxe3 23. Rxe3 Bd3 24. Rae1 Qg6 25. Kh2 Rf8 26. Bc1 Bf6 27. Bb2 Rd8 28.
Rd1 Qh5 29. Rd2 Rf8 30. Qg2 g5 31. Rexd3 exd3 32. Qd5+ Kg7 33. Qxf5 Bd4 34.
Qxd3 Bf6 35. Qf5 Qf3 36. Qg4 Qxg4 37. hxg4 gxf4 38. gxf4 Rf7 39. g5 Be7 40. c4+
Kg6 41. Kg3 Rxf4 42. Rd7 Rf7 43. Kg4 Bf8 44. Rxf7 Kxf7 45. Kf5 Bd6 46. Bh8 Bc7
47. Bf6 Bd6 48. Bd8 Bg3 49. a4 Ke8 50. Bf6 Kf7 51. Kg4 Bc7 52. Kh5 Bd6 53. Kh6
Kg8 54. Bd8 Bf8+ 55. Kh5 Bd6 56. a5 bxa5 57. Bxa5 Be7 58. Bc7 Kf7 59. Bf4 Bf8
60. Bc7 Ke6 61. g6 hxg6+ 62. Kxg6 Kd7 63. Bf4 Be7 64. Kf7 Bh4 65. Bb8 Bf2 66.
Bxa7 Kc7 67. b4 cxb4 68. Bxf2 b3 1/2-1/2